000 005440000a22001810004500
003 MACL
005 20160409170505.0
008 160409b xxu||||| |||| 00| 0 eng d
040 _aMACL
_cMACL
041 _aHindi
082 _a080
100 _aशर्मा दीप्ति
_951524
245 _aसफलता आपका अधिकार है
260 _bयूनीस्‍टर पब्लिकेशन
_c2006
_aचन्‍दीगड
350 _a125
650 _aEducation
_951525
942 _cHIN
_k080
_2ddc
999 _c41661
_d41661